Prénoms féminins les plus donnés en 2022 - Statistiques

Statistiques générales
  • Ce quiz a été pris 388 fois
  • Le résultat moyen est 46 sur 100
Statistiques - réponses
Ordre Initiale Prénom % Correct
16 L Léa
88%
3 E Emma
87%
12 L Lou
86%
7 A Anna
80%
1 J Jade
78%
20 J Juliette
78%
2 L Louise
77%
92 M Marie
75%
22 Z Zoé
74%
23 J Jeanne
70%
46 S Sarah
70%
14 C Chloé
69%
32 I Inès
68%
49 M Manon
68%
13 J Julia
67%
37 R Romane
67%
5 A Alice
65%
39 C Camille
65%
60 C Clara
64%
35 L Lucie
64%
94 L Léana
62%
33 L Lola
62%
6 R Rose
62%
31 O Olivia
60%
15 L Léna
59%
96 E Elise
57%
11 L Lina
57%
19 N Nina
57%
26 E Eva
56%
41 C Charlotte
55%
4 A Ambre
54%
30 V Victoire
54%
85 V Valentine
53%
57 C Clémence
51%
18 I Iris
51%
45 M Margot
51%
89 A Anaïs
50%
81 A Alicia
49%
76 L Lise
49%
77 M Maria
49%
10 M Mia
49%
34 V Victoria
49%
71 L Lila
48%
36 M Margaux
48%
80 M Mathilde
48%
62 G Gabrielle
47%
88 L Lilou
47%
97 N Noémie
47%
28 L Luna
46%
54 E Elena
45%
64 L Lily
45%
47 L Louna
45%
17 A Agathe
44%
86 H Héloïse
44%
27 M Mila
44%
56 T Théa
44%
9 R Romy
43%
93 E Emmy
42%
68 L Lana
42%
24 L Léonie
42%
29 A Adèle
41%
70 Z Zélie
40%
91 M Maëlle
39%
74 M Maëlys
39%
63 Y Yasmine
39%
40 S Sofia
38%
8 A Alba
37%
95 C Célia
37%
51 E Emy
37%
25 C Charlie
35%
87 A Amelia
33%
78 M Maya
33%
38 G Giulia
32%
82 T Thaïs
32%
50 L Lya
31%
84 S Salomé
31%
42 A Alix
30%
55 A Alma
30%
67 E Ella
29%
98 G Garance
29%
48 M Mya
29%
53 A Ava
27%
43 N Nour
27%
75 R Roxane
27%
59 A Aya
26%
83 C Constance
26%
21 I Inaya
26%
52 C Capucine
24%
65 A Apolline
22%
90 D Diane
21%
66 L Livia
21%
61 L Lyna
21%
100 J Joséphine
20%
79 J Joy
20%
73 A Albane
18%
44 L Lyana
18%
58 A Alya
17%
69 A Assia
16%
72 C Céleste
13%
99 N Nelya
6%
Aucun quiz correspondant
Distribution des résultats
% des personnes avec chaque résultat
Percentile par nombre de réponses
Votre historique - résultats
Vous n’avez pas pris ce quiz